[Event "Titled Tue 20th May Early"]
[Site "chess.com INT"]
[Date "2025.05.20"]
[Round "3"]
[White "Altynbek, Aiaru"]
[Black "Van Dael, Siem"]
[Result "1-0"]
[WhiteTitle "WFM"]
[BlackTitle "FM"]
[WhiteElo "1977"]
[BlackElo "2258"]
[WhiteFideId "13752472"]
[BlackFideId "1049771"]
[EventDate "2025.05.20"]

1. d4 d5 2. c4 c6 3. Nf3 Nf6 4. Nc3 e6 5. e3 a6 6. c5 b6 7. cxb6 Qxb6 8. Bd3
Nbd7 9. O-O Bd6 10. Qc2 O-O 11. Bd2 e5 12. dxe5 Nxe5 13. Nxe5 Bxe5 14. Na4 Qc7
15. f4 Bd6 16. Rf3 c5 17. Bc3 Ne4 18. Bxe4 dxe4 19. Rg3 f6 20. Qxe4 Bb7 21. Qe6+
Kh8 22. Qf5 Rae8 23. Rh3 Be4 24. Qg4 Qc8 25. Qh4 Qf5 26. Rd1 Be7 27. g4 Qg6 28.
Nb6 f5 29. g5 Rf7 30. Nd7 h6 31. Ne5 Qe6 32. Nxf7+ Qxf7 33. Qxh6+ Kg8 34. Qh8# 1-0

[Event "Titled Tue 20th May Early"]
[Site "chess.com INT"]
[Date "2025.05.20"]
[Round "3"]
[White "Papasimakopoulos, Alexandros"]
[Black "Ersoz, Teoman Guney"]
[Result "1-0"]
[WhiteTitle "IM"]
[BlackTitle "CM"]
[WhiteElo "2366"]
[BlackElo "2090"]
[WhiteFideId "4244125"]
[BlackFideId "44537050"]
[EventDate "2025.05.20"]

1. d4 Nf6 2. c4 c5 3. d5 b5 4. Nf3 g6 5. cxb5 a6 6. e3 Bg7 7. Nc3 O-O 8. a4 Bb7
9. bxa6 Nxa6 10. Bc4 e6 11. O-O Nb4 12. e4 exd5 13. exd5 d6 14. Bf4 Re8 15. h3
Ne4 16. Rc1 Ba6 17. Bxa6 Rxa6 18. Re1 Nxc3 19. bxc3 Na2 20. Rxe8+ Qxe8 21. Rc2
Nxc3 22. Qd3 Qxa4 23. Rxc3 Bxc3 24. Bxd6 Rxd6 25. Qxc3 Rxd5 26. Qb2 Qd1+ 27. Kh2
c4 28. Qb4 Qd3 29. Ne5 Qf5 30. Ng4 Qf4+ 31. g3 Qf3 32. Qe7 Kg7 33. Qe1 h5 34.
Ne5 Qc3 35. Qxc3 1-0

[Event "Titled Tue 20th May Early"]
[Site "chess.com INT"]
[Date "2025.05.20"]
[Round "3"]
[White "Skytte, Robert"]
[Black "Barwinska, Ewa"]
[Result "1/2-1/2"]
[BlackTitle "WFM"]
[WhiteElo "2007"]
[BlackElo "2014"]
[WhiteFideId "1471775"]
[BlackFideId "21833761"]
[EventDate "2025.05.20"]

1. e4 c5 2. Nf3 d6 3. d4 cxd4 4. Nxd4 Nf6 5. Nc3 a6 6. Rg1 e5 7. Nb3 Be6 8. g4
d5 9. g5 Nxe4 10. Nxe4 dxe4 11. Qe2 Bf5 12. Bg2 Be7 13. Bxe4 Bxe4 14. Qxe4 Nc6
15. Be3 Rc8 16. Rd1 Qc7 17. Kf1 O-O 18. h4 Rfd8 19. Kg2 Rxd1 20. Rxd1 Rd8 21.
Rxd8+ Qxd8 22. Nc5 Bxc5 23. Bxc5 f6 24. Be3 fxg5 25. hxg5 Qd6 26. Qc4+ Kh8 27.
Bc5 Qd7 28. Be3 b5 29. Qc5 Qg4+ 30. Kf1 Qd1+ 31. Kg2 Qg4+ 32. Kh1 Qh3+ 33. Kg1
Qg4+ 34. Kf1 Qd1+ 35. Kg2 Qg4+ 1/2-1/2

[Event "Titled Tue 20th May Early"]
[Site "chess.com INT"]
[Date "2025.05.20"]
[Round "3"]
[White "Sharankov, Grigory"]
[Black "Rushbrooke, Remy"]
[Result "1-0"]
[WhiteTitle "CM"]
[WhiteElo "2238"]
[BlackElo "2090"]
[WhiteFideId "4168356"]
[BlackFideId "443590"]
[EventDate "2025.05.20"]

1. e4 c5 2. Nf3 Nc6 3. c3 e6 4. d4 d5 5. exd5 exd5 6. Bb5 Bd6 7. Qe2+ Ne7 8.
dxc5 Bxc5 9. Nbd2 O-O 10. O-O Bg4 11. Nb3 Bd6 12. h3 Bh5 13. Qd1 Re8 14. Be2 Qc7
15. Nbd4 Nxd4 16. Nxd4 Bxe2 17. Qxe2 Nf5 18. Qd1 Nxd4 19. Qxd4 Rad8 20. Be3 Re4
21. Qxa7 Qc6 22. a4 f5 23. Qb6 Rde8 24. Qxc6 bxc6 25. a5 f4 26. Bb6 Re2 27. b4
f3 28. gxf3 R8e6 29. Be3 Rg6+ 30. Kh1 d4 31. cxd4 Bxb4 32. a6 1-0

[Event "Titled Tue 20th May Early"]
[Site "chess.com INT"]
[Date "2025.05.20"]
[Round "3"]
[White "Bernadskiy, Vitaliy"]
[Black "Dinesh, Rajan M"]
[Result "1-0"]
[WhiteTitle "GM"]
[BlackTitle "CM"]
[WhiteElo "2523"]
[BlackElo "2133"]
[WhiteFideId "14100371"]
[BlackFideId "35060600"]
[EventDate "2025.05.20"]

1. d4 d5 2. Bg5 h6 3. Bh4 Nf6 4. Bxf6 exf6 5. e3 f5 6. Ne2 c6 7. g3 Bd6 8. Bg2
Be6 9. Nd2 Nd7 10. b3 Qa5 11. O-O O-O 12. c4 Rac8 13. a3 b6 14. b4 Qa6 15. b5
Qa5 16. bxc6 Nf6 17. Nb3 Qa4 18. cxd5 Nxd5 19. Nc5 Qxd1 20. Raxd1 bxc5 21. dxc5
Bxc5 22. Bxd5 Bxa3 23. Bf3 Bc4 24. Ra1 Bb2 25. Rxa7 Bxe2 26. Bxe2 Rxc6 27. Rb1
Rb6 28. Bc4 g6 29. Kg2 h5 30. Rd1 Rc6 31. Ba2 Be5 32. Rdd7 Rf6 33. f4 Bc3 34.
Kf3 Kg7 35. h3 Kh6 36. Bxf7 g5 37. fxg5+ Kxg5 38. h4+ Kh6 39. Be8 Re6 40. Rh7# 1-0

[Event "Titled Tue 20th May Early"]
[Site "chess.com INT"]
[Date "2025.05.20"]
[Round "3"]
[White "Souleidis, Georgios"]
[Black "Gunawardhana, Devindya Oshini"]
[Result "0-1"]
[WhiteTitle "IM"]
[BlackTitle "WIM"]
[WhiteElo "2418"]
[BlackElo "2068"]
[WhiteFideId "4206827"]
[BlackFideId "29941482"]
[EventDate "2025.05.20"]

1. e4 e5 2. Nc3 Nc6 3. f4 exf4 4. Nf3 Nf6 5. Bc4 d6 6. d3 Na5 7. Bxf4 Nxc4 8.
dxc4 Be6 9. b3 Be7 10. Qd2 O-O 11. O-O Nd7 12. Rae1 Bf6 13. Nd5 Be5 14. Nxe5
Nxe5 15. h3 Ng6 16. Bg3 Qd7 17. Kh2 Rae8 18. Ne3 Ne5 19. c5 dxc5 20. Qxd7 Bxd7
21. Nd5 c6 22. Ne3 f6 23. Rd1 Be6 24. Bxe5 fxe5 25. Rxf8+ Kxf8 26. Kg3 Ke7 27.
Rd2 g6 28. Rf2 Rd8 29. Re2 Rd4 30. Kf3 Rd8 31. h4 Rf8+ 32. Kg3 Rf4 33. Nd1 Bg4
34. Re1 Bxd1 35. Rxd1 Rxe4 36. Rd2 Rd4 37. Re2 Ke6 38. Kf3 Rxh4 39. g3 Rh1 40.
g4 Rf1+ 41. Kg3 Rf8 42. Rh2 Rf7 43. g5 e4 44. c3 Ke5 45. Kg4 e3 46. Rh1 Ke4 47.
Rd1 e2 48. Rd8 Re7 0-1

[Event "Titled Tue 20th May Early"]
[Site "chess.com INT"]
[Date "2025.05.20"]
[Round "3"]
[White "Tursunalieva, Nurelina"]
[Black "Zaw, Ye Htut"]
[Result "0-1"]
[WhiteTitle "WCM"]
[BlackTitle "CM"]
[WhiteElo "1810"]
[BlackElo "2180"]
[WhiteFideId "13817329"]
[BlackFideId "13013955"]
[EventDate "2025.05.20"]

1. d4 Nf6 2. c4 c5 3. d5 b5 4. b3 d6 5. Bb2 bxc4 6. bxc4 Qb6 7. Qd2 Ne4 8. Qc2
Bf5 9. Qc1 Nd7 10. Nd2 Rb8 11. Bc3 Nxd2 12. Qxd2 Nf6 13. f3 e6 14. e4 Bg6 15.
Bd3 Be7 16. Ne2 O-O 17. O-O exd5 18. exd5 Qa6 19. Ng3 Nd7 20. Rfe1 Bf6 21. Ne4
Bxe4 22. fxe4 Ne5 23. Bxe5 Bxe5 24. Rab1 Qa3 25. Rec1 Bd4+ 26. Kh1 g6 27. Qc2
Be3 28. Re1 Bd4 29. Rf1 Qa5 30. Rb3 Rxb3 31. Qxb3 Qd2 32. Qc2 Qg5 33. Qe2 Be5
34. g3 Rb8 35. Qf3 f6 36. Qg2 Rb2 37. Qf3 Qd2 0-1

[Event "Titled Tue 20th May Early"]
[Site "chess.com INT"]
[Date "2025.05.20"]
[Round "3"]
[White "Reefat, Bin-Sattar"]
[Black "Svetlov, Dmitry"]
[Result "1-0"]
[WhiteTitle "GM"]
[BlackTitle "IM"]
[WhiteElo "2331"]
[BlackElo "2335"]
[WhiteFideId "10200207"]
[BlackFideId "24102610"]
[EventDate "2025.05.20"]

1. e4 c5 2. b3 d6 3. Bb2 Nc6 4. Bb5 Bd7 5. f4 a6 6. Bxc6 Bxc6 7. d3 e6 8. Nf3 d5
9. Nbd2 d4 10. Qe2 Qc7 11. Ne5 Nf6 12. c3 dxc3 13. Bxc3 O-O-O 14. Ndc4 Bd6 15.
Ba5 Qe7 16. Nxc6 bxc6 17. Bxd8 Rxd8 18. Nxd6+ Qxd6 19. O-O-O Qd4 20. Kb1 Kb7 21.
Rhe1 a5 22. Qc2 Qb4 23. Qc4 Qb6 24. d4 cxd4 25. Kb2 Ng4 26. Rd3 Ne3 27. Qc1 c5
28. Ka1 Qb4 29. Rexe3 dxe3 30. Rxd8 e2 31. Rd2 Qxe4 32. Qe1 Qxf4 33. Qxe2 Qf6+
34. Kb1 Qf5+ 35. Kb2 Qf6+ 36. Ka3 Qc3 37. Qb5+ Kc8 38. Qc6+ 1-0

[Event "Titled Tue 20th May Early"]
[Site "chess.com INT"]
[Date "2025.05.20"]
[Round "3"]
[White "Gkavardinas, Antonios"]
[Black "Thorhallsson, Simon"]
[Result "1-0"]
[WhiteTitle "FM"]
[BlackTitle "FM"]
[WhiteElo "2313"]
[BlackElo "2218"]
[WhiteFideId "25883097"]
[BlackFideId "2310090"]
[EventDate "2025.05.20"]

1. e4 c5 2. Nf3 d6 3. d4 cxd4 4. Nxd4 Nf6 5. f3 e5 6. Nb3 Be7 7. c4 O-O 8. Nc3
a5 9. Be3 a4 10. Nd2 a3 11. b3 Nc6 12. Be2 Be6 13. O-O Nd7 14. Rc1 Bg5 15. Bf2
f5 16. Kh1 Nd4 17. Bxd4 exd4 18. Nb5 Qb6 19. f4 Bh6 20. exf5 Rxf5 21. Bg4 Rf6
22. Ne4 Bxg4 23. Qxg4 Rf7 24. Nbxd6 Re7 25. c5 Qc6 26. f5 Bxc1 27. f6 Rf8 28. h3
Be3 29. fxe7 Rxf1+ 30. Kh2 Bg1+ 31. Kg3 Nf8 32. e8=Q Qxe8 33. Nxe8 d3 34. Qxg7# 1-0

[Event "Titled Tue 20th May Early"]
[Site "chess.com INT"]
[Date "2025.05.20"]
[Round "3"]
[White "Srinath, Rao S.V."]
[Black "Ochedzan, Filip"]
[Result "1-0"]
[WhiteTitle "IM"]
[BlackTitle "CM"]
[WhiteElo "2299"]
[BlackElo "2130"]
[WhiteFideId "5028876"]
[BlackFideId "21892610"]
[EventDate "2025.05.20"]

1. d4 d5 2. Nc3 c6 3. e4 dxe4 4. Nxe4 Nf6 5. Nxf6+ exf6 6. Bd3 Bd6 7. Qh5 Nd7 8.
Ne2 Nf8 9. Bd2 Ng6 10. O-O-O Be6 11. f4 Ne7 12. f5 Bd7 13. Bc4 O-O 14. Rhf1 Nd5
15. g4 b5 16. Bxd5 cxd5 17. g5 fxg5 18. f6 gxf6 19. h4 g4 20. Bh6 Re8 21. Rg1
Bf8 22. Bxf8 Rxf8 23. Nf4 f5 24. Nxd5 Be6 25. Ne3 Qf6 26. d5 Bd7 27. Rdf1 Qg6
28. Qg5 Qxg5 29. hxg5 Rfe8 30. Nxf5 Bxf5 31. Rxf5 Re4 32. Rd1 Rd8 33. d6 Re6 34.
Rfd5 a6 35. b3 g3 36. c4 bxc4 37. bxc4 g2 38. c5 Re3 39. R5d2 Rc3+ 40. Rc2 Rxc2+
41. Kxc2 Rc8 42. d7 Rxc5+ 43. Kb3 Rd5 44. Rxd5 1-0

[Event "Titled Tue 20th May Early"]
[Site "chess.com INT"]
[Date "2025.05.20"]
[Round "3"]
[White "Purtseladze, Maka"]
[Black "Popov, Tikhon"]
[Result "0-1"]
[WhiteTitle "IM"]
[BlackTitle "CM"]
[WhiteElo "2261"]
[BlackElo "2173"]
[WhiteFideId "13602659"]
[BlackFideId "24252026"]
[EventDate "2025.05.20"]

1. d4 Nf6 2. c4 c5 3. d5 b5 4. Nd2 b4 5. b3 d6 6. Bb2 g6 7. e4 Bg7 8. Bd3 O-O 9.
Ngf3 a5 10. a4 bxa3 11. Rxa3 Na6 12. O-O Nb4 13. Bb1 Bg4 14. h3 Bxf3 15. Nxf3
Nd7 16. Qd2 Bxb2 17. Qxb2 f6 18. Ne1 Qb6 19. Qa1 Ra7 20. f4 Rfa8 21. Ra4 Qc7 22.
Nd3 Nb6 23. e5 Nxa4 24. Qxa4 Nxd3 25. Bxd3 dxe5 26. f5 g5 27. Be4 Rb8 28. Bc2
Rb4 29. Qe8+ Kg7 30. h4 Qb8 31. Qh5 Qg8 32. hxg5 Kh8 33. g6 a4 34. d6 exd6 35.
bxa4 Rb2 36. Be4 Rg7 37. Bd5 Qe8 38. a5 e4 39. a6 Ra2 40. Bb7 e3 41. Re1 e2 42.
Qh4 Qe3+ 43. Kh1 Qc3 44. Bf3 Ra1 45. a7 Rxe1+ 46. Kh2 Rh1+ 47. Kxh1 e1=Q+ 48.
Qxe1 Qxe1+ 49. Kh2 Rxa7 0-1

[Event "Titled Tue 20th May Early"]
[Site "chess.com INT"]
[Date "2025.05.20"]
[Round "3"]
[White "Dubnevych, Maksym"]
[Black "King, Alexander"]
[Result "1-0"]
[WhiteTitle "FM"]
[BlackTitle "FM"]
[WhiteElo "2292"]
[BlackElo "2263"]
[WhiteFideId "14184001"]
[BlackFideId "2063620"]
[EventDate "2025.05.20"]

1. Nc3 d5 2. e4 d4 3. Nce2 e5 4. c3 c5 5. Ng3 Be6 6. Nf3 f6 7. Bb5+ Nd7 8. d3
Ne7 9. O-O h5 10. Nh4 g6 11. f4 exf4 12. Bxf4 a6 13. Bxd7+ Qxd7 14. Bd2 Bg7 15.
c4 Bg4 16. Qe1 O-O 17. b4 b6 18. h3 Be6 19. Nf3 Nc6 20. a3 Ne5 21. Qe2 Rf7 22.
Nh4 Bxh3 23. gxh3 Qxh3 24. Qh2 Qd7 25. Bf4 Nxd3 26. Nxg6 Qg4 27. Qxh5 Qxh5 28.
Nxh5 Re8 29. Rf3 Nb2 30. Kh1 Nxc4 31. Rg1 Rxe4 32. Nh4 Kf8 33. Nf5 Bh8 34. Bh6+
Ke8 35. Rg8+ Kd7 36. Rxh8 Ne5 37. Rg3 d3 38. Rgg8 Kc6 39. Rc8+ Kb5 40. Nd6+ Ka4
41. Nxe4 Re7 42. bxc5 bxc5 43. Nxc5+ Kxa3 44. Rcd8 Kb4 45. Nxd3+ Nxd3 46. Rxd3
Re5 47. Ng3 a5 48. Kg2 Kc4 49. Rf3 a4 50. Bf4 Rd5 51. Rc8+ Kb5 52. Ra8 Rd6 53.
Bxd6 1-0

[Event "Titled Tue 20th May Early"]
[Site "chess.com INT"]
[Date "2025.05.20"]
[Round "3"]
[White "Badacsonyi, Stanley"]
[Black "Gholami Orimi, Mahdi"]
[Result "1-0"]
[WhiteTitle "FM"]
[BlackTitle "GM"]
[WhiteElo "2289"]
[BlackElo "2511"]
[WhiteFideId "486973"]
[BlackFideId "12558486"]
[EventDate "2025.05.20"]

1. d4 Nf6 2. c4 g6 3. Nc3 Bg7 4. e4 d6 5. Be2 O-O 6. Be3 a5 7. h4 e5 8. d5 Na6
9. g4 Nc5 10. f3 c6 11. h5 cxd5 12. cxd5 a4 13. Qd2 Qa5 14. Rb1 Bd7 15. Nh3 b5
16. Nf2 b4 17. Ncd1 b3 18. Qxa5 Rxa5 19. a3 Rc8 20. Nc3 Ne8 21. Kd2 f5 22. hxg6
hxg6 23. gxf5 gxf5 24. Bh6 Bf6 25. Rbg1+ Kf7 26. Bg5 f4 27. Bf1 Bxg5 28. Rxg5
Nf6 29. Rh6 Rf8 30. Bh3 Raa8 31. Rgg6 Ke7 32. Bxd7 Ncxd7 33. Ng4 Nxg4 34. Rxg4
Rf7 35. Rgg6 Ra6 36. Re6+ Kd8 37. Rxd6 Rxd6 38. Rxd6 Rh7 39. Nxa4 Rh2+ 40. Kc3
Rf2 41. Nc5 Rxf3+ 42. Kb4 Re3 43. Rxd7+ Ke8 44. Rd6 Kf7 45. Re6 f3 46. Rxe5 Kg6
47. Rf5 Rxe4+ 48. Nxe4 Kxf5 49. Nd2 f2 50. d6 Ke6 51. Kxb3 1-0

[Event "Titled Tue 20th May Early"]
[Site "chess.com INT"]
[Date "2025.05.20"]
[Round "3"]
[White "Namitbir, Singh Walia"]
[Black "Ibarra Jerez, Jose Carlos"]
[Result "0-1"]
[WhiteTitle "FM"]
[BlackTitle "GM"]
[WhiteElo "2335"]
[BlackElo "2545"]
[WhiteFideId "35071068"]
[BlackFideId "2226332"]
[EventDate "2025.05.20"]

1. e4 c5 2. Nf3 Nc6 3. d4 cxd4 4. Nxd4 e6 5. Nc3 Bc5 6. Nb3 Bb4 7. Bd3 Nge7 8.
Bd2 O-O 9. O-O f5 10. exf5 Nxf5 11. a3 Be7 12. Qe2 d5 13. Rae1 Bd6 14. h3 Ne5
15. Bxf5 Rxf5 16. Nd4 Rf7 17. Bc1 Qb6 18. Rd1 Ng6 19. Kh1 Bd7 20. Nf3 h6 21. Qd3
Nf4 22. Bxf4 Rxf4 23. b3 Rf7 24. a4 Raf8 25. Rde1 a6 26. Re2 Qc7 27. Nd1 b5 28.
Qd4 Rxf3 29. gxf3 Rxf3 30. Qg4 Rf4 31. Qg2 bxa4 32. Rg1 Bc6 33. f3 d4 34. Rf2
Qf7 35. Kh2 0-1

[Event "Titled Tue 20th May Early"]
[Site "chess.com INT"]
[Date "2025.05.20"]
[Round "3"]
[White "Goryachkina, Aleksandra"]
[Black "Materia, Marco"]
[Result "1-0"]
[WhiteTitle "GM"]
[BlackTitle "IM"]
[WhiteElo "2544"]
[BlackElo "2489"]
[WhiteFideId "4147103"]
[BlackFideId "45150451"]
[EventDate "2025.05.20"]

1. c4 Nf6 2. Nc3 e5 3. g3 g6 4. Bg2 Bg7 5. Nf3 d6 6. O-O O-O 7. d3 Nbd7 8. Rb1
a5 9. a3 c6 10. b4 axb4 11. axb4 d5 12. Nd2 Nb6 13. Bb2 Be6 14. c5 Nbd7 15. e4
h5 16. h3 Qe7 17. Qc2 Rfd8 18. Nb3 Nf8 19. Rfe1 d4 20. Ne2 Qd7 21. Kh2 N8h7 22.
f4 h4 23. fxe5 Bxb3 24. Qxb3 Nh5 25. g4 Bxe5+ 26. Kg1 Ng3 27. Nxg3 Bxg3 28. Rf1
Bb8 29. Rf2 Qc7 30. Kf1 Rd7 31. Bc1 Qg3 32. Bd2 Bc7 33. Ke2 Bd8 34. Rbf1 Kh8 35.
Rxf7 Rxf7 36. Qxf7 Qxg2+ 37. Rf2 Qxh3 38. Qe8+ Kg7 39. Qf7+ Kh8 40. Qe8+ Nf8 41.
Rxf8+ Kh7 42. Qf7# 1-0

[Event "Titled Tue 20th May Early"]
[Site "chess.com INT"]
[Date "2025.05.20"]
[Round "3"]
[White "Grot, Blazej"]
[Black "Moiseenko, Alexander"]
[Result "0-1"]
[WhiteTitle "CM"]
[BlackTitle "GM"]
[WhiteElo "2217"]
[BlackElo "2568"]
[WhiteFideId "21835845"]
[BlackFideId "14102560"]
[EventDate "2025.05.20"]

1. e4 c5 2. Nf3 Nc6 3. d4 cxd4 4. Nxd4 e5 5. Nb5 d6 6. N1c3 a6 7. Na3 Be6 8. Nc4
b5 9. Ne3 g6 10. a4 b4 11. Ncd5 Bg7 12. Bd2 Nf6 13. Nxb4 Nxb4 14. Bxb4 Nxe4 15.
Bd3 Nc5 16. Bxc5 dxc5 17. Be4 Qa5+ 18. c3 Rd8 19. Bc6+ Ke7 20. Qe2 Rd6 21. Bf3
f5 22. Nc4 Bxc4 23. Qxc4 e4 24. Be2 Rb8 25. O-O Rxb2 26. Rab1 Rxb1 27. Rxb1 Qxc3
28. Rb7+ Rd7 29. Rxd7+ Kxd7 30. Qf7+ Kd6 31. h4 e3 32. fxe3 Qxe3+ 33. Kf1 Qc1+
34. Kf2 Bd4+ 35. Kg3 Qe1+ 36. Kh3 Qxe2 37. Qf8+ Qe7 38. Qb8+ Ke6 0-1

[Event "Titled Tue 20th May Early"]
[Site "chess.com INT"]
[Date "2025.05.20"]
[Round "3"]
[White "Pacheco, Daniel"]
[Black "Gasparyan, Erik R."]
[Result "0-1"]
[WhiteTitle "FM"]
[BlackTitle "IM"]
[WhiteElo "2191"]
[BlackElo "2372"]
[WhiteFideId "101680"]
[BlackFideId "13315730"]
[EventDate "2025.05.20"]

1. d4 Nf6 2. c4 e6 3. Nc3 Bb4 4. e3 O-O 5. Bd3 Re8 6. Nf3 d6 7. Bd2 e5 8. Bc2 e4
9. Ng1 Bg4 10. Nge2 c5 11. h3 Bh5 12. d5 Nbd7 13. Nb5 Qb6 14. Bxb4 cxb4 15. Qd2
a6 16. Nbd4 Ne5 17. b3 Bxe2 18. Qxe2 g6 19. O-O Re7 20. Qd2 Rae8 21. f3 exf3 22.
gxf3 Nh5 23. Kh2 f5 24. e4 f4 25. Ne6 Ng3 26. Rf2 Rf7 27. Rg1 Qe3 28. Nxf4 Qxd2
29. Rxd2 Nxf3+ 30. Kxg3 Nxd2 31. Re1 g5 32. Ne6 h6 33. Re2 Nf3 34. Kg4 Ne5+ 35.
Kh5 Rf6 36. Rg2 Nf3 37. e5 dxe5 38. Be4 Nh4 0-1

[Event "Titled Tue 20th May Early"]
[Site "chess.com INT"]
[Date "2025.05.20"]
[Round "3"]
[White "Lisenkov, Svyatoslav"]
[Black "Maksimovic, Bojan"]
[Result "1/2-1/2"]
[WhiteTitle "CM"]
[BlackTitle "IM"]
[WhiteElo "2241"]
[BlackElo "2514"]
[WhiteFideId "34264183"]
[BlackFideId "14408120"]
[EventDate "2025.05.20"]

1. e4 g6 2. d4 Nf6 3. e5 Nh5 4. Nf3 d6 5. Be2 Nc6 6. O-O Bg7 7. exd6 Qxd6 8. Be3
O-O 9. Nc3 Nf4 10. Nb5 Nxe2+ 11. Qxe2 Qd8 12. d5 Nb4 13. c4 c6 14. dxc6 bxc6 15.
Rfd1 Qa5 16. Nbd4 Qc7 17. Qd2 Rb8 18. Bh6 Bg4 19. Bxg7 Kxg7 20. h3 Bxf3 21. Nxf3
c5 22. Qc3+ Kg8 23. Ne5 Rfd8 24. a3 Nc6 25. Nxc6 Qxc6 26. b4 a6 27. Rxd8+ Rxd8
28. Qe5 Rd7 29. bxc5 f6 30. Qb8+ Kg7 31. Qb6 Rc7 32. Re1 Kf7 33. Qb8 Qxc5 34.
Qh8 Qh5 35. Qd8 Qc5 36. Qh8 Qh5 37. Qd8 Qc5 38. Qh8 1/2-1/2

[Event "Titled Tue 20th May Early"]
[Site "chess.com INT"]
[Date "2025.05.20"]
[Round "3"]
[White "Fragkos, Vasileios"]
[Black "Berezin, Viktor RUS"]
[Result "1/2-1/2"]
[WhiteTitle "CM"]
[BlackTitle "FM"]
[WhiteElo "2176"]
[BlackElo "1921"]
[WhiteFideId "25832646"]
[BlackFideId "4128869"]
[EventDate "2025.05.20"]

1. f4 d5 2. Nf3 c5 3. e3 Nf6 4. b3 Nc6 5. Bb5 Bg4 6. Bb2 e6 7. h3 Bxf3 8. Qxf3
a6 9. Bxc6+ bxc6 10. d3 Be7 11. O-O O-O 12. Nd2 Nd7 13. e4 f5 14. Rae1 fxe4 15.
dxe4 Bf6 16. e5 Be7 17. Qg4 Rf5 18. c4 Qf8 19. Bc1 Qf7 20. Nb1 Rf8 21. cxd5 cxd5
22. Qe2 a5 23. g4 Qg6 24. Qg2 R5f7 25. f5 exf5 26. e6 Rf6 27. exd7 fxg4 28. Bb2
Rxf1+ 29. Rxf1 Rxf1+ 30. Qxf1 gxh3+ 31. Kh2 Qc2+ 32. Kxh3 Qxb2 33. Qf5 Qf6 34.
Qxd5+ Kf8 35. Nd2 g6 36. Ne4 Qf5+ 37. Qxf5+ gxf5 38. Nxc5 Bd8 39. Ne6+ Ke7 40.
Ng7 Kxd7 41. Nxf5 Ke6 42. Nd4+ Kd5 43. Nf3 h6 44. Kg4 Ke4 45. Nd2+ Kd3 46. Nc4
a4 47. Nb2+ Kc2 48. Nxa4 Kb1 49. Nc3+ Kb2 50. Nd5 Kxa2 51. b4 Ka3 52. b5 Ka4 53.
b6 Bxb6 54. Nxb6+ Kb5 55. Kh5 Kxb6 56. Kxh6 1/2-1/2

[Event "Titled Tue 20th May Early"]
[Site "chess.com INT"]
[Date "2025.05.20"]
[Round "3"]
[White "Aaron, Deepak"]
[Black "Tran, Vo Quoc Bao"]
[Result "1-0"]
[WhiteElo "2306"]
[BlackElo "2096"]
[WhiteFideId "2009412"]
[BlackFideId "12425184"]
[EventDate "2025.05.20"]

1. Nf3 Nf6 2. g3 d5 3. Bg2 c6 4. O-O Bg4 5. d3 Nbd7 6. Nbd2 e6 7. h3 Bh5 8. e4
dxe4 9. Nxe4 Be7 10. g4 Bg6 11. Ng3 O-O 12. Nh4 a5 13. Nxg6 hxg6 14. Re1 a4 15.
a3 Bc5 16. d4 Bb6 17. c4 Ba5 18. Re2 Bc7 19. Nf1 Re8 20. Bg5 Qb8 21. Qd3 Bf4 22.
Bh4 g5 23. Bg3 e5 24. Rae1 Rd8 25. dxe5 Nxe5 26. Qf5 Ng6 27. Bxf4 Qxf4 28. Qc5
Qd4 29. Qxg5 Qxc4 30. Ng3 Qf4 31. Qc5 Qd4 32. Re8+ Nxe8 33. Rxe8+ Rxe8 34. Qxd4
Re1+ 35. Kh2 Rae8 36. Nf5 R1e5 37. Qxa4 Rb5 38. Qc2 Nf4 39. Qc3 Ne6 40. Bf1 Rc5
41. Qb4 Rd8 42. Qxb7 Rc2 43. Kg1 Rc1 44. Kg2 Rc2 45. Ne7+ Kh8 46. Qb3 Rdd2 47.
Qb8+ Rd8 48. Qe5 Rdd2 49. Qh5# 1-0

[Event "Titled Tue 20th May Early"]
[Site "chess.com INT"]
[Date "2025.05.20"]
[Round "3"]
[White "Klevansky, Aron"]
[Black "Fieberg, Samuel"]
[Result "1-0"]
[WhiteTitle "CM"]
[BlackTitle "FM"]
[WhiteElo "1930"]
[BlackElo "2157"]
[WhiteFideId "14313332"]
[BlackFideId "12901717"]
[EventDate "2025.05.20"]

1. e4 d6 2. d4 Nf6 3. Nc3 g6 4. Be3 Bg7 5. Qd2 c6 6. Nf3 b5 7. Bd3 Bb7 8. Bh6
Bxh6 9. Qxh6 b4 10. Ne2 c5 11. e5 dxe5 12. dxe5 Bxf3 13. exf6 Bxe2 14. Bxe2 Qd6
15. fxe7 Qxe7 16. O-O-O Nd7 17. Ba6 f6 18. Rhe1 Ne5 19. f4 Rd8 20. Rxd8+ Kxd8
21. fxe5 fxe5 22. Qd2+ Kc7 23. Qd5 Re8 24. Qb7+ Kd6 25. Rd1+ Ke6 26. Bc4+ Kf6
27. Qe4 Kg7 28. b3 Qf6 29. Rf1 Qd6 30. Rf7+ Kh8 31. Kb2 Rd8 32. Qf3 Qd4+ 33. Kc1
Qg1+ 34. Kb2 Qd4+ 35. Kb1 Qg1+ 36. Bf1 Qd4 37. Qf6+ Kg8 38. Qg7# 1-0

[Event "Titled Tue 20th May Early"]
[Site "chess.com INT"]
[Date "2025.05.20"]
[Round "3"]
[White "Cordeiro, Marco Aurelio Zaror"]
[Black "Ternault, Mathieu"]
[Result "1-0"]
[BlackTitle "FM"]
[WhiteElo "2048"]
[BlackElo "2273"]
[WhiteFideId "2117991"]
[BlackFideId "20641532"]
[EventDate "2025.05.20"]

1. e4 e6 2. d4 d5 3. Nd2 Nc6 4. Ngf3 Nf6 5. e5 Nd7 6. c3 f6 7. exf6 Nxf6 8. Bd3
Bd6 9. Qe2 O-O 10. Ne5 Qe8 11. f4 Qh5 12. Ndf3 Bd7 13. Nxd7 Nxd7 14. Qxe6+ Qf7
15. Bxh7+ Kh8 16. Qh3 Qe7+ 17. Ne5 Nf6 18. Bf5+ Kg8 19. Be6+ Rf7 20. Bxf7+ Qxf7
21. Nxf7 Kxf7 22. O-O Ne7 23. f5 Neg8 24. Bf4 Ne4 25. Bxd6 cxd6 26. Rae1 Ngf6
27. b3 a5 28. c4 Rc8 29. cxd5 Rc3 30. Qh8 Rc2 31. Qb8 Rxa2 32. Qxb7+ Kg8 33.
Qc8+ Kh7 34. Qe6 Ng5 35. Qxd6 Rb2 36. Re7 Ng4 37. Qg6+ Kh8 38. Re8# 1-0

[Event "Titled Tue 20th May Early"]
[Site "chess.com INT"]
[Date "2025.05.20"]
[Round "3"]
[White "Aghaei, Alireza"]
[Black "Harsh, Suresh"]
[Result "0-1"]
[WhiteTitle "CM"]
[BlackTitle "IM"]
[WhiteElo "2204"]
[BlackElo "2392"]
[WhiteFideId "12509914"]
[BlackFideId "45018464"]
[EventDate "2025.05.20"]

1. d4 b6 2. Nc3 Bb7 3. e4 e6 4. a3 g6 5. Nf3 Bg7 6. Be3 d6 7. Qd2 h6 8. Bd3 Nd7
9. h3 a6 10. O-O Ngf6 11. Rfe1 g5 12. e5 Nh5 13. d5 Nxe5 14. Nxe5 Bxe5 15. dxe6
Qf6 16. exf7+ Qxf7 17. Be4 O-O-O 18. Qd3 Nf4 19. Bxb7+ Kxb7 20. Qe4+ Kb8 21. a4
Rhe8 22. Qc6 Qd7 23. Qc4 a5 24. Qa6 Qc6 25. Bxf4 gxf4 26. Nb5 Rg8 27. Qa7+ Kc8
28. f3 Rxg2+ 29. Kxg2 Rg8+ 30. Kf2 Qc5+ 31. Ke2 Rg2+ 32. Kd3 Qxc2# 0-1